| 000 | 01215nas a2200277 a 4500 | ||
|---|---|---|---|
| 005 | 20260420121133.0 | ||
| 006 | s|||||o|||| 00| 0 | ||
| 008 | 991125c2015 ck fr poo 000 spa d | ||
| 003 | |||
| 022 | _a2500-784X | ||
| 035 | _aUPN01000211561 | ||
| 040 |
_aMX-MxUPN _bspa _cMX-MxUPN _eaacr2 |
||
| 049 | _aREV-E | ||
| 245 | 0 | 0 |
_aRevista ciencias y humanidades _h[recurso electrónico en línea] |
| 260 |
_aMedellín: _bCentro de Estudios en Ciencias y Humanidades, _c2015 - |
||
| 310 | _aSemestral | ||
| 506 | 0 | _aAcceso abierto | |
| 510 | 0 | _aDialnet, Latindex, MIAR, DOAJ, REDIB, EuroPub, ERIHPLUS, LatinRev, Mirabel | |
| 520 |
_a"En sus inicios, la revista se concibió como un medio de divulgación de las reflexiones académicas de los maestros; no obstante, con el tiempo, su orientación editorial se transformó y se consolidó como un espacio de circulación del conocimiento académico y profesional en el campo de las ciencias sociales y humanas." _cRCYH |
||
| 650 | 4 |
_aCiencias sociales _99133 |
|
| 650 | 2 |
_aCiencia y humanidades _910137 |
|
| 856 | 4 | _uhttps://www.revistacienciasyhumanidades.com/index.php/inicio | |
| 902 | _aLeonor Sotres/200426 | ||
| 905 | _aRevista | ||
| 942 | _cREV-E | ||
| 999 |
_c214982 _d214982 |
||